| 000 | 00507nam a2200157 a 4500 | ||
|---|---|---|---|
| 001 | 000032266 | ||
| 005 | 20200930063554.0 | ||
| 008 | 110406s1907 dr ac 000 0 spa d | ||
| 040 |
_aDO-SdBNP _bspa _cBNPHU |
||
| 082 |
_axxx _bR426m |
||
| 110 | 1 |
_aRepública Dominicna _958310 |
|
| 245 | 1 | 0 | _aMensaje que el ciudadano presidente de la República presenta al congreso nacional en la legislatura de 1907. |
| 260 |
_aSanto Domingo : _bImp. Flor del Ozama, _c1907. |
||
| 300 |
_a15 p. ; _c27 cm. |
||
| 049 | _aBNPD | ||
| 999 |
_c31757 _d31757 |
||